000 00682nam a2200253Ia 4500
003 OSt
005 20221007110946.0
006 a|||||r|||| 00| 0
007 ta
008 221006b |||||||| |||| 00| 0 eng d
020 _a0226752917
024 _a22,263
037 _cTextual
040 _aLCO
_cLCO
_beng
041 _2eng
_aeng
082 _aZ, PO
100 _aSherwin Richard K.
_9325170
245 0 _aWhen Law Goes Pop
260 _aChicago
_bThe University of Chicago Press U.S.A.
_c2000
300 _a326
500 _aThe Vanishing Line between Law and Popular Culture
942 _hZ, PO
_cTEXL
999 _c1191826
_d1191826